| 000 | 02778nam0a2200373 4500 | ||
|---|---|---|---|
| 001 | RU\NLR\BIBL_A\012856202 | ||
| 005 | 20221020133439.0 | ||
| 010 |
_a978-5-8311-1414-0 _9200 |
||
| 021 |
_aRU _bКН-П-22-030999 _9КН-П-22-2639 |
||
| 035 | _a(NLR Aleph) 012856202 | ||
| 035 | _a(RuMoRGB)011075596 | ||
| 090 |
_a12443192 _c12443192 |
||
| 100 | _a20220728d2021 k y0rusy50 ca | ||
| 101 | 0 | _arus | |
| 102 | _aRU | ||
| 105 | _aach z 000zy | ||
| 181 | 0 |
_ai _baxxe |
|
| 182 | 0 | _an | |
| 200 | 1 |
_a"Хвала Клио!" _eсборник материалов (2020-2021 гг.) _fГосударственное бюджетное учреждение Владимирской области "Государственный архив Владимирской области", Муниципальное бюджетное учреждение культуры "Историко-краеведческий музей Ковровского района" _gсоставители: Лашманова Т. А., Полежаева Г. Н. _gответственный редактор: Н. Д. Максимова |
|
| 203 |
_aТекст _bвизуальный _cнепосредственный |
||
| 210 |
_aВладимир _cТранзит-Икс _d2021 |
||
| 215 |
_a143 с. _cил., цв. ил., портр., факс. _d20 |
||
| 320 | _aБиблиогр.: с. 133-136 (32 назв.) и в подстроч. примеч. | ||
| 330 | _aХВАЛА КЛИО! - это девиз открытого научно-просветительского историко-архивного проекта, инициаторами которого выступили Государственный архив Владимирской области и Историко-краеведческий музей Ковровского района. В сборнике представлены материалы выступлений участников проекта: архивистов, историсков, краеведов. Издание адресовано самому широкому кругу читателей | ||
| 607 |
_aВладимирская область _jИсточники и источниковедение _xИстория _91350053 _3RU\NLR\AUTH\66249005 |
||
| 686 | 1 | _aТ3(2Р-4Вл)0,01 | |
| 702 | 1 |
_aЛашманова _bТ. А. _4220 |
|
| 702 | 1 |
_4340 _7ca _8rus _aМаксимова _bН. Д. _cархивариус _gНаталия Дмитриевна _929987 _3RU\NLR\AUTH\7747052 |
|
| 712 | 0 | 2 |
_4570 _aГосударственный архив Владимирской области _9759633 _3RU\NLR\AUTH\8810131471 |
| 942 | _cBOOK | ||
| 980 | _aNB | ||